Welcome to CU Library Online Public Access Catalogue (OPAC)

The heart : (Record no. 3664)

MARC details
000 -LEADER
fixed length control field 00828pam a2200253 a 4500
001 - CONTROL NUMBER
control field 3433892
005 - DATE AND TIME OF LATEST TRANSACTION
control field 20250208121526.0
008 - FIXED-LENGTH DATA ELEMENTS--GENERAL INFORMATION
fixed length control field 920108s1992 enka 001 0 eng c
020 ## - INTERNATIONAL STANDARD BOOK NUMBER
International Standard Book Number 9780397447190
Terms of availability $149.50
050 00 - LIBRARY OF CONGRESS CALL NUMBER
Classification number RC682.8
Item number .A53 1992
082 00 - DEWEY DECIMAL CLASSIFICATION NUMBER
Classification number 616.1/207
Edition information 20
100 1# - MAIN ENTRY--PERSONAL NAME
Personal name Anderson, Robert H.
245 14 - TITLE STATEMENT
Title The heart :
Remainder of title structure in health and disease /
Statement of responsibility, etc. Robert H. Anderson, Anton E. Becker.
260 ## - PUBLICATION, DISTRIBUTION, ETC.
Place of publication, distribution, etc. London ;
-- New York :
Name of publisher, distributor, etc. Gower Medical Pub.,
Date of publication, distribution, etc. c1992.
300 ## - PHYSICAL DESCRIPTION
Extent 1 v. (various pagings) :
Other physical details col. ill. ;
Dimensions 32 cm.
500 ## - GENERAL NOTE
General note Includes index.
650 #0 - SUBJECT ADDED ENTRY--TOPICAL TERM
Topical term or geographic name entry element Heart
General subdivision Pathophysiology.
650 #0 - SUBJECT ADDED ENTRY--TOPICAL TERM
Topical term or geographic name entry element Anatomy, Pathological.
650 #2 - SUBJECT ADDED ENTRY--TOPICAL TERM
Topical term or geographic name entry element Heart
General subdivision anatomy & histology.
650 #2 - SUBJECT ADDED ENTRY--TOPICAL TERM
Topical term or geographic name entry element Heart
General subdivision physiopathology.
650 #2 - SUBJECT ADDED ENTRY--TOPICAL TERM
Topical term or geographic name entry element Heart Diseases
General subdivision physiopathology.
700 1# - ADDED ENTRY--PERSONAL NAME
Personal name Becker, Anton E.
942 ## - ADDED ENTRY ELEMENTS (KOHA)
Source of classification or shelving scheme Library of Congress Classification
Koha item type Books
Suppress in OPAC No
999 ## -
-- 3664
-- 3664
Holdings
Withdrawn status Lost status Source of classification or shelving scheme Damaged status Not for loan Collection Home library Current library Shelving location Date acquired Total checkouts Full call number Barcode Date last seen Copy number Price effective from Koha item type
    Library of Congress Classification     Non-fiction Science Library (Miotso) Science Library (Miotso) General stacks 02/08/2025   RC682.8 .A53 AND SLM00003209 02/08/2025 1 02/08/2025 Books
    Library of Congress Classification     Non-fiction Science Library (Miotso) Science Library (Miotso) General stacks 02/08/2025   RC682.8 .A53 AND SLM00003210 02/08/2025 2 02/08/2025 Books
    Library of Congress Classification     Non-fiction Science Library (Miotso) Science Library (Miotso) General stacks 02/08/2025   RC682.8 .A53 AND SLM00003211 02/08/2025 3 02/08/2025 Books
    Library of Congress Classification     Non-fiction Science Library (Miotso) Science Library (Miotso) General stacks 02/08/2025   RC682.8 .A53 AND SLM00003212 02/08/2025 4 02/08/2025 Books
    Library of Congress Classification     Non-fiction Science Library (Miotso) Science Library (Miotso) General stacks 02/08/2025   RC682.8 .A53 AND SLM00003213 02/08/2025 5 02/08/2025 Books
    Library of Congress Classification     Non-fiction Science Library (Miotso) Science Library (Miotso) General stacks 02/08/2025   RC682.8 .A53 AND SLM00003214 02/08/2025 6 02/08/2025 Books
    Library of Congress Classification     Non-fiction Science Library (Miotso) Science Library (Miotso) General stacks 02/08/2025   RC682.8 .A53 AND SLM00003215 02/08/2025 7 02/08/2025 Books
    Library of Congress Classification     Non-fiction Science Library (Miotso) Science Library (Miotso) General stacks 02/08/2025   RC682.8 .A53 AND SLM00003216 02/08/2025 8 02/08/2025 Books
© 2023-2024 Copyright: Central University Libraries. All Rights Reserved | Created by: Mahone Tech Office